| 000 | 00699nam a2200181 i 4500 | ||
|---|---|---|---|
| 001 | 82878 | ||
| 003 | ES-MaACL | ||
| 005 | 20230906174739.0 | ||
| 007 | t| | ||
| 008 | 170120s1909 sp |||| | spa d | ||
| 245 | 0 | 0 | _aOrganización de las fuerzas del Ejército de operaciones en Melilla, de las preparadas en la Península y de los servicios administrativos y sanitarios, con expresión del material. |
| 260 |
_a[Madrid : _bDepósito de la Guerra], _c1909. |
||
| 300 |
_a17 h. ; _c33 cm. |
||
| 594 | _aPrecede al tít.: Estado Mayor Central del Ejército. | ||
| 650 | 0 | 4 |
_aFuerzas armadas- _zEspaña. _912998 |
| 710 | 1 |
_aEspaña. _bEstado Mayor Central. _9155030 |
|
| 852 |
_aES-MaACL _jT-1400-F-16 |
||
| 999 |
_c82878 _d82878 |
||